QUALITATIVE RESEARCH METHODS IN BUSINESS: TECHNIQUES FOR DATA COLLECTION AND ANALYSIS (Record no. 8427)

MARC details
000 -LEADER
fixed length control field 00403nam a2200133Ia 4500
008 - FIXED-LENGTH DATA ELEMENTS--GENERAL INFORMATION
fixed length control field 260604s9999 xx 000 0 und d
020 ## - INTERNATIONAL STANDARD BOOK NUMBER
International Standard Book Number 9783031503252
082 ## - DEWEY DECIMAL CLASSIFICATION NUMBER
Classification number 001.4 SOR
100 ## - MAIN ENTRY--PERSONAL NAME
Personal name SORDI [JOSE OSVALDO DE]
9 (RLIN) 35603
245 #0 - TITLE STATEMENT
Title QUALITATIVE RESEARCH METHODS IN BUSINESS: TECHNIQUES FOR DATA COLLECTION AND ANALYSIS
260 ## - PUBLICATION, DISTRIBUTION, ETC.
Name of publisher, distributor, etc. SPRINGER
500 ## - GENERAL NOTE
General note Research, Qualitative, Business
942 ## - ADDED ENTRY ELEMENTS (KOHA)
Koha item type Book
Holdings
Date last seen Total Checkouts Full call number Barcode Cost, replacement price Price effective from Koha item type Lost status Damaged status Not for loan Withdrawn status Home library Current library Shelving location Date acquired Cost, normal purchase price BOOK NO
06/04/2026   001.4 SOR 004045 4624.07 06/04/2026 Book         Indian Institute of Management Visakhapatnam Indian Institute of Management Visakhapatnam   06/04/2026 4624.07 SOR

Copyright © 2024 Indian Institute of Management Visakhapatnam
Koha v23.05